|
|
|
|
| LEADER |
00000nkmaa2200000 a 4500 |
| 001 |
vtls011548889 |
| 003 |
SK-MaSNL |
| 005 |
20260302051734.0 |
| 007 |
kh bo |
| 008 |
230802e1965 xo | |||0 k|slo |
| 035 |
|
|
|a urn:nbn:sk:snk-km00cpo7
|
| 035 |
|
|
|a urn:nbn:sk:snk-km3lr13
|
| 035 |
|
|
|a B06D087D-2DA6-466E-800E-6BAE1B6ABC23
|
| 040 |
|
|
|a SNKLA
|b slo
|c SNKLA
|e AACR2
|
| 041 |
0 |
|
|a slo
|
| 044 |
|
|
|a xo
|c SK
|
| 110 |
2 |
|
|a Československá tlačová kancelária (Slovensko)
|4 aut
|9 55799
|
| 245 |
1 |
0 |
|a [Slávnosť 150. výročia narodenia Ľudovíta Štúra v Uhrovci]
|h grafika
|
| 260 |
|
|
|a [S.l.
|b s.n.]
|c 1965
|
| 300 |
|
|
|a 1 fotografia
|b čb
|c 18 x 13 cm
|
| 520 |
2 |
|
|a Zobrazenie: Slávnosť 150. výročia narodenia Ľudovíta Štúra v Uhrovci, 31.10.1965. Súčasťou osláv bolo aj položenie vencov k pomníku padlých partizánov na Jankovom vŕšku. Na obr.: v 2. rade sprava 2. Matej Lúčan, 3. Vasil Biľak, 6. Ondrej Klokoč.
|
| 600 |
1 |
7 |
|a Štúr, Ľudovít,
|d 1815-1856
|2 SNKMA
|9 92872
|
| 600 |
1 |
7 |
|a Lúčan, Matej,
|d 1928-1996
|2 SNKMA
|9 48955
|
| 600 |
1 |
7 |
|a Biľak, Vasil,
|d 1917-2014
|2 SNKMA
|9 167040
|
| 600 |
1 |
7 |
|a Klokoč, Ondrej,
|d 1911-1975
|2 SNKMA
|9 48952
|
| 611 |
2 |
7 |
|a slávnosť 150. výročia narodenia Ľudovíta Štúra
|d 1965
|c Uhrovec, Slovensko
|9 341616
|
| 651 |
|
7 |
|a Uhrovec (Slovensko)
|2 SNKPH
|9 29315
|
| 655 |
|
7 |
|a fotografie
|2 SNKPH
|9 70713
|
| 852 |
|
|
|a Slovenská národná knižnica
|b Literárny archív
|
| 852 |
7 |
|
|a Slovenská národná knižnica
|b Literárny archív
|
| 958 |
|
|
|a ZO
|
| 958 |
|
|
|a BLA
|
| 999 |
|
|
|c 1102349
|d 1104279
|
| 952 |
|
|
|a SNKLA
|b SNKLA
|c SNKLA_DEP
|y NEVYP
|7 0
|p 17A1008138
|o snkK 19/410
|i snkLA 1886/1965
|0 0
|1 0
|4 0
|d 2016-04-29
|f 1
|l 0
|r 2026-02-24 17:34:57
|w 2026-02-24
|